Memorias del taller : mujer centroamericana, violencia y guerra.
| Körperschaft: | |
|---|---|
| Format: | Tagungsbericht Buch |
| Sprache: | Spanisch |
| Veröffentlicht: |
México :
OXFAM,
1988
|
| Schlagworte: |
MARC
| LEADER | 00000nam a2200000 4500 | ||
|---|---|---|---|
| 008 | 191218b1988 mx ||||| |||| 00| | spa d | ||
| 999 | |c 3857 |d 3857 | ||
| 090 | |a 14.02.03 |b 2019 | ||
| 111 | |9 4658 |a Encuentro Feminista Latinoamericano y del Caribe (4º : 1988 : Taxco, Guerrero, México) | ||
| 245 | 1 | 0 | |a Memorias del taller : mujer centroamericana, violencia y guerra. |
| 260 | |a México : |b OXFAM, |c 1988 | ||
| 300 | |a 158 páginas | ||
| 650 | 1 | 4 | |9 55 |a MUJERES |
| 650 | 1 | 4 | |9 71 |a VIOLENCIA |
| 650 | 1 | 4 | |9 506 |a CONFERENCIA |
| 942 | |i 002389 |h 14.02.03 2019 |2 z |c 01 | ||
